| 000 | 01036nam a22002537a 4500 | ||
|---|---|---|---|
| 005 | 20170124103150.0 | ||
| 010 | _aB-044160 | ||
| 020 |
_c100.00 _a81732510012 |
||
| 035 | _aB-044160 | ||
| 037 | _bCen Lib/Ret | ||
| 040 |
_aDPL _bHN |
||
| 082 |
_a181.45 _bशर्मागो |
||
| 100 |
_aशर्मा, गोविन्द प्रसाद _944807 |
||
| 245 |
_aधर्म क्षेत्र कुरु क्षेत्र / _cगोविन्द प्रसाद शर्मा |
||
| 246 |
_aDharamshetr kurushetr _b by Govind Prasad Sharma |
||
| 260 |
_aलखनऊ _bभारत प्रकाशन _c2000 |
||
| 270 |
_a17, अशोक मार्ग _bलखनऊ _e226001 |
||
| 300 |
_a109पृष्ठ. _c20सेमी(सजिल्द) |
||
| 650 |
_aदर्शन शास्त्र _987609 |
||
| 650 |
_aजीवन दर्शन _934 |
||
| 650 |
_aPhilosophy _987610 |
||
| 650 |
_athe TE _987611 |
||
| 942 |
_2ddc _cHN _h181.45 _mशर्मागो |
||
| 999 |
_c119916 _d119916 |
||